| 000 | 01227cab a2200217 4500 | ||
|---|---|---|---|
| 001 | ##L133426 | ||
| 008 | 060508n2006 000 0 eng u | ||
| 035 | _a(Sirsi) u133426 | ||
| 041 | 0 | _aeng | |
| 245 | 0 | 0 | _aRepairing issues obligations and service charges |
| 260 | _c2006 | ||
| 490 | 0 |
_aCommercial Leases _v20(4) April 2006, 1098-1101(4) |
|
| 520 | _aDiscusses four law cases that raises issue on repairs and defects with implications for commercial landlords. The cases are: "Marlborough Park Services Ltd v Rowe and another" ([2005] EWHC B21 (Ch), unreported); "Continental Property Ventures Inc v White" [2006] EWLands LRX/60/2005, L132921); "Haward and others v Fawcetts" (a firm) ([2006] UKHL 9, L132903), and "Abbott v Will Gannon and Smith Ltd" ([2005] EWCA 198 (Civ), Abs68794). | ||
| 590 | _aIKA090506 | ||
| 650 | 2 | 4 | _aMARLBOROUGH PARK SERVICES LTD V ROWE AND ANOTHER |
| 650 | 2 | 4 | _aCONTINENTAL PROPERTY VENTURES INC V WHITE AND ANOTHER |
| 650 | 2 | 4 | _aHAWARD AND OTHERS V FAWCETTS |
| 650 | 2 | 4 | _aABBOTT AND ANOTHER V WILL GANNON AND SMITH LTD |
| 690 | _aPROPERTY-COMMERCIAL PROPERTY-LEASEHOLD COMMERCIAL PROPERTY-COMMERCIAL LANDLORD AND TENANT-BUSINESS TENANCIES-BREACHING BUSINESS TENANCIES | ||
| 942 | _n0 | ||
| 999 |
_c76998 _d76998 |
||